000 01980nam0a2200349 4500
001 RU\NLR\BIBL_A\012292875
005 20200814104009.0
021 _aRU
_bКН-П-20-015067
_9КН-П-20-1179
035 _a(NLR Aleph) 012292875
035 _a(RuMoRGB)010301110
090 _a11278870
_c11278870
100 _a20200714d2019 u y0rusy50 ca
101 0 _arus
_aeng
102 _aRU
105 _ay|||zzzz000zy
181 0 _ai
_baxxe
182 0 _an
200 1 _aЗаболевание полости рта
_dDiseases of the mouth
_eучебное пособие для студентов, обучающихся по специальности 31.05.03 Стоматология
_fЭ. Т. Кумыкова
_gМинистерство науки и высшего образования Российской Федерации, Федеральное государственное бюджетное образовательное учреждение высшего образования "Кабардино-Балкарский государственный университет им. Х. М. Бербекова"
_zeng
203 _aТекст
_bвизуальный
_cнепосредственный
210 _aНальчик
_cКБГУ
_d2019
215 _a114 с.
_cил., табл.
_d21
300 _aПеред вып. дан авт.: Кумыкова (Гучапшева) Э.Т.
510 1 _6z20790
_aDiseases of the mouth
_zeng
606 1 _aПолость рта
_jУчебные издания для высших учебных заведений
_xБолезни
_91073926
_3RU\NLR\AUTH\66100092
686 1 _aР661.2я73
700 1 _7ca
_8rus
_aКумыкова
_bЭ. Т.
_gЭлина Тугановна
_9219112
_3RU\NLR\AUTH\770219168
790 1 _6z20510
_7ba
_8rus
_aKumykova
_bÉ. T.
_gÉlina Tuganovna
_9219115
_3RU\NLR\AUTH\770219171
942 _cBOOK
980 _aNB